Estados de fragilidad
Las catástrofes naturales y las causadas por el cambio climático a comunidades de todo el mundo han evidenciado que los Estados ni las comunidades internacionales están preparados para dar una respuesta efectiva y garantizar la protección de las personas afectadas. Muchos países disponen de respuest...
Guardat en:
| Autor corporatiu: | |
|---|---|
| Format: | Llibre |
| Idioma: | Spanish |
| Publicat: |
España
Centro de Estudios sobre Refugiados
2013
|
| Matèries: | |
| Accés en línia: | https://rua.ua.es/dspace/bitstream/10045/30088/1/RMF_43.pdf |
| Etiquetes: |
Afegir etiqueta
Sense etiquetes, Sigues el primer a etiquetar aquest registre!
|
MARC
| LEADER | 00000nam a2200000 4500 | ||
|---|---|---|---|
| 003 | cru IIS | ||
| 005 | 20220504151716.0 | ||
| 008 | 220504b sp ||||| |||| 00| 0 spa d | ||
| 022 | |a 1460-9819 | ||
| 040 | |c cru IIS | ||
| 090 | |a REV1576 (43)2013 | ||
| 110 | 2 | |9 4494 |a Centro de Estudios sobre Refugiados | |
| 245 | |a Estados de fragilidad | ||
| 260 | |a España |b Centro de Estudios sobre Refugiados |c 2013 | ||
| 300 | |a 83 páginas | ||
| 310 | |a Mensual | ||
| 520 | |a Las catástrofes naturales y las causadas por el cambio climático a comunidades de todo el mundo han evidenciado que los Estados ni las comunidades internacionales están preparados para dar una respuesta efectiva y garantizar la protección de las personas afectadas. Muchos países disponen de respuestas pero sus enfoques son muy diferentes entre si . Aún queda un largo camino que recorrer para garantizar los derechos de todas las personas desplazadas a causa de los desastres. | ||
| 650 | 0 | |9 3844 |a MIGRACION FORZADA | |
| 650 | 4 | |9 4495 |a MIGRACION INTERNACIONAL | |
| 650 | 4 | |9 2595 |a DESASTRES NATURALES | |
| 650 | 0 | |9 345 |a CAMBIO CLIMATICO | |
| 650 | 0 | |9 2074 |a SOCORRO DE EMERGENCIA | |
| 650 | 0 | |9 3329 |a PLANIFICACIÓN DE PROGRAMAS | |
| 856 | |u https://rua.ua.es/dspace/bitstream/10045/30088/1/RMF_43.pdf | ||
| 942 | |2 z |c PP | ||
| 999 | |c 44215 |d 44215 | ||
| 773 | 0 | |0 19267 |9 4337 |a Centro de Estudios sobre Refugiados |d Universidad de Oxford ; Centro de Estudios sobre Refugiados |o 16189 |t Migraciones Forzadas: |x 14609819 | |
